|
|
|
|
| LEADER |
00000nab a2200000 4500 |
| 001 |
vtls012144907 |
| 003 |
SK-MaSNL |
| 005 |
20260303100741.0 |
| 008 |
220727c2022 xo br|p || ||00 c0ukr |
| 015 |
|
|
|a SNBRB2022/07
|
| 038 |
|
|
|a SVKPOCL
|
| 040 |
|
|
|a SVKPOCL
|b slo
|c SVKPOCL
|e rda
|
| 041 |
0 |
|
|a ukr
|
| 044 |
|
|
|a xo
|c SK
|
| 072 |
|
7 |
|a 821.161
|x Východoslovanské literatúry
|2 konspekt
|
| 080 |
|
|
|a 821.161.2(437.6)-3
|2 2011
|
| 080 |
|
|
|a (437.6)
|2 2011
|
| 100 |
1 |
|
|a Oleárová, Eva,
|d 1945-
|4 aut
|9 112050
|
| 245 |
1 |
0 |
|a Fotohrafija i čas
|c Jeva Olear
|
| 336 |
|
|
|a text
|b txt
|2 rdacontent
|
| 337 |
|
|
|a bez média
|b n
|2 rdamedia
|
| 338 |
|
|
|a zväzok
|b nc
|2 rdacarrier
|
| 500 |
|
|
|a V rubrike Proza
|
| 650 |
0 |
7 |
|a ukrajinská próza
|2 SNKPH
|9 82745
|
| 650 |
0 |
7 |
|a ukrajinská literatúra
|2 SNKPH
|9 1218
|
| 650 |
0 |
7 |
|a ukrajinské poviedky
|2 svkpocl
|9 253127
|
| 655 |
|
7 |
|a ukrajinské poviedky
|2 svkpocl
|9 70503
|
| 773 |
0 |
|
|t Duklja
|g Rik vydannja 70, № 3 (2022), s. 18, 19-20
|x 04197-8131
|
| 852 |
|
|
|a SVKPO
|b KIS3GCP
|
| 958 |
|
|
|a SS
|
| 958 |
|
|
|a UK
|
| 958 |
|
|
|a LX
|
| 958 |
|
|
|a NM
|
| 958 |
|
|
|a SK
|
| 999 |
|
|
|c 1834513
|d 1836443
|